000 00636nam a2200193 4500
999 _c164211
_d164211
005 20190514124521.0
010 _aENG-125169
020 _a9788183876483
_c495.00
035 _aEN-108701
037 _bDBAD/PUB
082 _a155.518
100 _aSindhya V.
245 _aAdolescents and parental stress:
_ban exploratory study/
_cby Sindhya V.
260 _aNew Delhi
_bSerials Publications
_c2014
270 _a4830/24, Prahlad Street, Ansari Road
_bDaryaganj, New Delhi
_e110002
_k23245225
_mserials@sify.com
300 _aviii,90p.
_c22cm(Hb)
500 _aIncludes references
942 _2ddc
_cEN
_h155.518
_mSIN